000 00990cam a22003012a 4500
001 10648
003 BD-RjUL
005 20211208235006.0
008 140125t1955 n a 001 0 eng d
035 _a(BD-RjUL)10696
040 _aDLC
_cIYU
_dOCL
_dUKM
_dEQO
_dBD-RjUL
_beng
041 1 _aeng
_hfre
082 0 4 _a551.51
_216
_bAUM 1955
100 1 _aAubert de La Rüe, E.
_q(Edgar),
_d1901-1991.
_932920
245 1 0 _aMan and the winds /
_cE. Aubert de la Rüe ; translated by Madge E. Thompson
260 _aNew york :
_bPhilosophical Library,
_cc1955
300 _a206 p. :
_billus. ;
_c22 cm
500 _aTranslated from L'homme et le vent
504 _aIncludes index.
650 0 _aWinds
_932672
650 0 _aHuman beings
_xEffect of environment on.
_932921
700 1 _aThompson, Madge E.
_932922
830 0 _aHutchinson's scientific and technical publications
_932934
942 _2ddc
_cBK
999 _c10648
_d10648